Top 100 Greatest NBA Players of All-Time - Statistics

General Stats
  • This quiz has been taken 32 times
  • The average score is 54 of 100
Answer Stats
Hint74 Answer % Correct
2 Lebron James
100%
1 Michael Jordan
100%
11 Kobe Bryant
96%
6 Shaquille O'Neal
92%
13 Kevin Durant
88%
8 Larry Bird
88%
3 Kareem Abdul-Jabbar
85%
57 Luka Doncic
85%
10 Stephen Curry
85%
9 Wilt Chamberlain
85%
5 Bill Russell
81%
22 Karl Malone
81%
69 Kyrie Irving
81%
17 Nikola Jokic
81%
18 Dirk Nowitzki
77%
12 Hakeem Olajuwon
77%
34 James Harden
77%
20 Julius Erving
77%
21 Moses Malone
77%
7 Tim Duncan
77%
4 Magic Johnson
73%
28 Scottie Pippen
73%
24 Giannis Antetokounmpo
69%
15 Jerry West
69%
16 Kevin Garnett
69%
35 Steve Nash
69%
86 Tony Parker
69%
25 Charles Barkley
65%
27 Isiah Thomas
65%
33 Jason Kidd
65%
29 John Stockton
65%
46 Kevin McHale
65%
48 Russell Westbrook
65%
36 Allen Iverson
62%
19 David Robinson
62%
14 Oscar Robertson
62%
49 Paul Pierce
62%
45 Anthony Davis
58%
71 Chris Bosh
58%
30 Chris Paul
58%
62 Pau Gasol
58%
51 Ray Allen
58%
37 Bob Cousy
54%
60 Carmelo Anthony
54%
67 Dennis Rodman
54%
53 Gary Payton
54%
66 Joel Embiid
54%
31 John Havlicek
54%
98 Klay Thompson
54%
40 Patrick Ewing
54%
54 Reggie Miller
54%
68 Robert Parish
54%
85 Sam Jones
54%
43 Walt Frazier
54%
55 Bill Walton
50%
39 Clyde Drexler
50%
26 Elgin Baylor
50%
59 Tracy McGrady
50%
50 Dominique Wilkins
46%
88 Draymond Green
46%
52 Dwight Howard
46%
42 George Gervin
46%
44 George Mikan
46%
63 James Worthy
46%
93 Jayson Tatum
46%
32 Kawhi Leonard
46%
92 Lenny Wilkens
46%
78 Paul George
46%
76 Alex English
42%
38 Bob Pettit
42%
64 Damian Lillard
42%
96 Joe Dumars
42%
77 Pete Maravich
42%
65 Vince Carter
42%
70 Wes Unseld
42%
97 Bernard King
38%
81 Dikembe Mutombo
38%
83 Jimmy Butler
38%
41 Rick Barry
38%
58 Willis Reed
38%
61 Bob McAdoo
35%
56 Dolph Schayes
35%
73 Hal Greer
35%
87 Alonzo Mourning
31%
82 Bob Lanier
31%
91 Chauncey Billups
31%
90 Chris Webber
31%
95 Dave DeBusschere
31%
79 Grant Hill
31%
84 Adrian Dantley
27%
100 Artis Gilmore
27%
99 Dave Bing
27%
74 Dave Cowens
27%
89 Earl Monroe
27%
47 Elvin Hayes
27%
72 Paul Arizin
23%
80 Nate Archibald
19%
94 Bill Sharman
12%
23 Dwayne Wade
12%
75 Manu Ginobli
0%
No matching quizzes found
Score Distribution
Percent of People with Each Score
Percentile by Number Answered
Your Score History
You have not taken this quiz